000
00283nam a2200121Ia 4500
008
190216s9999||||xx |||||||||||||| ||und||
100
_a
Viswanath Sathyanarayan
245
0
_a
Hindi-Agin Shika
260
_b
Mac Millian And Com. Ltd
300
_a
112
650
_a
Hindi
942
_c
BK
999
_c
16006
_d
16006